[Event "GER Seniors Derby 01st"]
[Site "Germany"]
[Date "2002.08.16"]
[Round "4"]
[White "Keller, Manfred1111"]
[Black "Wenzel, Norbert"]
[Result "1-0"]
[WhiteElo "1742"]
[BlackElo "1501"]
[PlyCount "125"]
[EventDate "2002.08.??"]
[EventType "swiss"]
[EventRounds "7"]
[EventCountry "GER"]
[SourceTitle "EXT 2006"]
[Source "ChessBase"]
[SourceDate "2005.11.24"]
[SourceVersion "1"]
[SourceVersionDate "2005.11.24"]
[SourceQuality "1"]

1. e4 c5 2. Nf3 Nc6 3. d4 cxd4 4. Nxd4 e6 5. Nxc6 bxc6 6. b3 d6 7. Bb2 Ne7 8. Bd3 Ng6 9. Qf3 e5 10. 0-0 Nf4 11. Bc1 Nxd3 12. Qxd3 Be7 13. c4 a5 14. Nc3 0-0 15. f4 f6 16. Be3 Qd7 17. Rad1 Qb7 18. f5 Rd8 19. Rd2 Qb8 20. Rfd1 Bb7 21. Qe2 Qc7 22. Qh5 Bf8 23. g4 Qf7 24. Qh3 Rd7 25. Qf3 Rad8 26. Bb6 Re8 27. Bxa5 c5 28. Nd5 Bxd5 29. cxd5 Ra8 30. b4 cxb4 31. Bxb4 Rc7 32. h4 Rc4 33. a3 Rac8 34. Kg2 h6 35. Kg3 Qa7 36. g5 hxg5 37. hxg5 fxg5 38. f6 Qf7 39. fxg7 Qxf3+ 40. Kxf3 Kxg7 41. Re2 Kg6 42. Kg3 Be7 43. Rh2 Rxe4 44. Rdh1 Rcc4 45. Rh6+ Kf5 46. Re6 Rg4+ 47. Kf3 Rcf4+ 48. Ke3 Re4+ 49. Kd3 Rd4+ 50. Kc3 Rg3+ 51. Kb2 Rg2+ 52. Kb3 Rd3+ 53. Ka4 Bd8 54. Rxd6 Bc7 55. Rd7 Rc2 56. Rf1+ Kg6 57. d6 Bb6 58. Rdf7 Rc4 59. R1f6+ Kh5 60. Rh7+ Kg4 61. Kb5 Rxb4+ 62. axb4 Bd8 63. Re6 1-0